| 000 | 00000nam 2200000zi 4500 |
| 001 | 9.933799 |
| 003 | CaOODSP |
| 005 | 20240213084348 |
| 006 | m o d f |
| 007 | cr cn||||||||| |
| 008 | 240212e201904##nkc o f000 0 fre d |
| 040 | |aCaOODSP|bfre|erda|cCaOODSP |
| 043 | |an-cnm-- |
| 086 | 1 |aAC5-54/2019-1F-PDF |
| 245 | 00|aAperçu des résultats : |bévaluation du programme Collectivités et croissance inclusive de l'Agence de promotion économique du Canada atlantique. |
| 264 | 1|a[Moncton, N.B.] : |bAgence de promotion économique du Canada atlantique, Direction de l’évaluation, du risque et des services consultatifs, |cavril 2019. |
| 300 | |a1 ressource en ligne (1 page non numérotée) |
| 336 | |atexte|btxt|2rdacontent/fre |
| 337 | |ainformatique|bc|2rdamedia/fre |
| 338 | |aressource en ligne|bcr|2rdacarrier/fre |
| 500 | |aTitre de départ. |
| 500 | |aPublié aussi en anglais sous le titre : Results at a glance : evaluation of the Atlantic Canada Opportunities Agency's Communities and Inclusive Growth programming. |
| 520 | |a« Le programme Collectivités et croissance inclusive (CCI) de l’Agence de promotion économique du Canada atlantique (APECA) favorise le développement économique rural dans la région en aidant à améliorer l’infrastructure, à attirer et à garder les gens et la main d’œuvre, à perfectionner les compétences, à établir des partenariats, et à appuyer l’établissement de priorités et la planification stratégique » -- Page [1]. |
| 610 | 26|aAgence de promotion économique du Canada atlantique|xÉvaluation. |
| 650 | 6|aAide de l'État aux petites et moyennes entreprises|zProvinces de l'Atlantique|xÉvaluation. |
| 650 | 6|aAide de l'État au développement communautaire|zProvinces de l'Atlantique|xÉvaluation. |
| 710 | 2 |aAgence de promotion économique du Canada atlantique, |eorganisme de publication. |
| 775 | 08|tResults at a glance : |w(CaOODSP)9.928720 |
| 856 | 40|qPDF|s604 Ko|uhttps://publications.gc.ca/collections/collection_2024/apeca-acoa/AC5-54-2019-1-fra.pdf |
| 856 | 4 |qHTML|sS.O.|uhttps://www.canada.ca/fr/promotion-economique-canada-atlantique/organisation/transparence/apeca-cci-eval-2019-apercu.html |